Tous les longs métrages Astérix et Obélix - Statistiques

Statistiques générales
  • Ce quiz a été pris 17 fois
  • Le résultat moyen est 5 sur 15
Statistiques - réponses
Année Film % Correct
1967 Astérix le Gaulois
64%
1976 Les 12 Travaux d’Astérix
64%
2008 Astérix aux Jeux olympiques
57%
2014 Astérix : Le Domaine des dieux
43%
1968 Astérix et Cléopâtre
36%
1985 Astérix et la Surprise de César
36%
1989 Astérix et le Coup du menhir
36%
1999 Astérix et Obélix contre César
36%
1986 Astérix chez les Bretons
29%
2018 Astérix : Le Secret de la potion magique
29%
1994 Astérix et les Indiens
21%
2006 Astérix et les Vikings
21%
2012 Astérix & Obélix : Au service de Sa Majesté
0%
2023 Astérix & Obélix : L'Empire du Milieu
0%
2002 Astérix & Obélix : Mission Cléopâtre
0%
Aucun quiz correspondant
Distribution des résultats
% des personnes avec chaque résultat
Percentile par nombre de réponses
Votre historique - résultats
Vous n’avez pas pris ce quiz